000 00393ca a2200169 4500
001 D13764
008 090401t1965 xxu||||| |||| 00| 0 eng d
035 _a(Sirsi) u11495
041 _aeng
100 _aRose, J.J.
245 4 _aThe construction of valuation tables
260 _aLondon
_bProperty Agents
_c1965
350 _a0
520 _aShelf 134
942 _n0
948 _c04/03/1997
999 _c86872
_d86872